| 000 | 01812nam0a2200385 4500 | ||
|---|---|---|---|
| 001 | RU\NLR\BIBL_A\022747672 | ||
| 005 | 20260409001646.0 | ||
| 010 |
_a978-5-9933-0611-7 _9100 |
||
| 035 | _a(NLR Aleph) 022747672 | ||
| 090 |
_a13647410 _c13647410 |
||
| 100 | _a20260306d2025 k y0rusy50 ca | ||
| 102 | _aRU | ||
| 105 | _aa z 001yy | ||
| 181 | 0 |
_ai3 _baxxe |
|
| 182 | 0 | _an | |
| 200 | 1 |
_aThe 12th International symposium on technetium and rhenium - science and utilization, November 6-7, 2025, Moscow, Russia _ededicated to the 100th anniversary of the descovery of rhenium _eprogram and abstracts _feds.: K. E. German [et al.] |
|
| 203 |
_aТекст _bвизуальный _cнепосредственный |
||
| 210 |
_aMoscow _cGranitsa _d2025 |
||
| 215 |
_a103 с. _cил. _d21 |
||
| 300 | _aЗагл. корешка: Program and abstracts | ||
| 320 | _aБиблиогр. в конце ст. | ||
| 516 | 1 | _aProgram and abstracts | |
| 541 | 1 |
_a12-й Международный симпозиум по технецию и рению - наука и использование, 6-7 ноября 2025 г., Москва, Россия _eпрограмма и тезисы докладов |
|
| 606 | 1 |
_aТехнеций _jТезисы докладов _91210583 _3RU\NLR\AUTH\66491448 |
|
| 606 | 1 |
_aРений _jТезисы докладов _91312684 _3RU\NLR\AUTH\66228189 |
|
| 686 | 1 | _aГ127.22я431(0) | |
| 686 | 1 | _aГ127.23я431(0) | |
| 686 | 1 | _aК235.26я431(0) | |
| 702 | 1 |
_aGerman _bK. É. _f1957- _gKonstantin Éduardovič _4340 |
|
| 710 | 1 | 2 |
_7ba _8eng _aInternational symposium on technetium and rhenium - science and utilization _d12 _eMoscow _f2025 _92702812 _3RU\NLR\AUTH\880640684 |
| 942 | _cBOOK | ||
| 980 | _aNB | ||